000 00642nam a22002175i 4500
001 170617
003 ES-MaACL
005 20240510063138.0
008 090324s1970 sp |||| | spa d
080 _a821.134.2-14"19"
100 1 _aCasanueva, Bernardo.
_936137
245 1 0 _aViacrucis /
_cBernardo Casanueva.
250 _a1ª ed.
260 _aSantander :
_bLa Isla de los Ratones,
_c1970.
300 _a69 p. ;
_c17 cm.
490 1 _aColección "Poetas de Hoy" ;
_v55
830 0 _aColección "Poetas de Hoy" ;
_v55
_9189058
852 _aES-MaACL
_j2253-F-8
_9R.144598
942 _2udc
999 _c170617
_d170617